|
|
|
|
| LEADER |
00937nam a22002177a 4500 |
| 001 |
40155 |
| 003 |
BD-DhAAL |
| 008 |
221208t2001 bg ||||| |||| 00| 0 ben d |
| 999 |
|
|
|c 45128
|d 45128
|
| 040 |
|
|
|a BD-DhAAL
|c BD-DhAAL
|
| 041 |
|
|
|a ben
|
| 082 |
|
|
|a 364.1323095492
|2 23
|
| 100 |
|
|
|a রায়হান, রেজা
|9 52766
|
| 245 |
|
|
|a দুর্নীতি কন্যা :
|b ফ্যাক্টস এন্ড ফাইল /
|c রেজা রায়হান
|
| 300 |
|
|
|a ১৪৪ পৃষ্ঠা ;
|c ২২ সে.মি.
|
| 541 |
|
|
|a Donated By Akbar Ali Khan
|e 40155
|
| 650 |
|
|
|a Corruption
|z Bangladesh.
|9 52767
|
| 650 |
|
|
|a Social sciences.
|9 52768
|
| 852 |
|
|
|a Ayesha Abed Library
|c Akbar Ali Khan Collection
|
| 942 |
|
|
|2 ddc
|c BK
|
| 952 |
|
|
|0 0
|1 0
|2 ddc
|4 0
|6 364_132309549200000_RAI
|7 1
|9 72454
|a BRACUL
|b BRACUL
|c AAKC
|d 2022-12-08
|e Donated by Akbar Ali Khan
|g 150.00
|l 0
|o 364.1323095492 RAI
|p 3010040155
|r 2022-12-08
|t 1
|w 2022-12-08
|y BK
|